Statystyki dla 20 największych państw w Europie pod względem ludności

Kliknij tutaj aby rozwiązać quiz!

Ogólne statystyki

  • Ten quiz został rozwiązany 2 033 razy
  • Średni wynik to 17 z 20

Statystyki odpowiedzi

Lp.Ludność (tyś.)Państwo% Poprawnych
1.142 470Rosja
99%
9.38 346Polska
98%
3.80 996Niemcy
97%
4.66 259Francja
96%
7.47 737Hiszpania
95%
8.42 805Ukraina
95%
6.61 680Włochy
91%
5.63 742Wielka brytania
90%
17.9 723Szwecja
87%
12.10 813Portugalia
86%
14.10 627Czechy
83%
2.81 619Turcja
82%
18.9 608Białoruś
80%
13.10 775Grecja
79%
10.21 729Rumunia
79%
11.16 877Holandia
76%
19.8 223Austria
75%
15.10 449Belgia
74%
16.9 919Węgry
72%
20.8 061Szwajcaria
71%

Rozkład punktacji

Percentyl według liczby udzielonych odpowiedzi

Procent ludzi z każdym wynikiem

Twoja historia wyników

Nie rozwiązałeś tego quizu